000 01163nam a2200253Ia 4500
003 Ost
005 20260416102356.0
008 260416s9999||||xx |||||||||||||| ||und||
040 _cfsecg
041 _aara
082 _a350.722
100 _aفضيل، نعيمة
_eمؤلف
245 0 _aتسيير الميزانية /
_c نعيمة فضيل
260 _aالجزائر
_bجامعة الجزائر3: كلية العلوم الإقتصادية، العلوم التجارية وعلوم التسيير
_c2020
300 _a98 ورقة
_bايضاحات
_c30 سم
504 _aمراجع ص.97
520 _aمدخل عام للتسيير التقديري و الموازني، موازنة النشاط التجاري، موازنة النشاط الانتاجي، موازنة التموين، موازنة الخزينة
653 _aالتكاليف المعيارية
653 _aالتموين
653 _aالمبيعات
653 _aالميزانية
710 _aجامعة الجزائر3: كلية العلوم الإقتصادية، العلوم التجارية وعلوم التسيير
_eناشر علمي
942 _cHANDOUT
999 _c41199
_d41199